000 00552nam a22001577a 4500
005 20231026062536.0
008 231026b |||||||| |||| 00| 0 eng d
082 _a346.7 SUZ
100 _aGordon, G and Odes, MW
_lEnglish
245 _aSuzman and Gordon on The Law of Compulsory Motor Vehicle Insurance in South Africa /
_cG Gordon and MW Odes
250 _aSecond Edition
260 _aCape Town :
_bJuta & Company Ltd,
_c1970
300 _bxvii, 375 pages ;
_c26 cm.
650 _aLegal practice
_bLaw
942 _cBK
_6ALISON_BN_VRIES
999 _c63
_d63